A menekültek jogi helyzete Magyarországon - magyar menekültügy
Elmentve itt :
| Szerző: | |
|---|---|
| További közreműködők: | |
| Dokumentumtípus: | Szakdolgozat |
| Megjelent: |
1994
|
| Tárgyszavak: | |
| Online Access: | http://diploma.bibl.u-szeged.hu/23120 |
| LEADER | 00575nta a2200157 i 4500 | ||
|---|---|---|---|
| 001 | dipl23120 | ||
| 005 | 20130314081825.0 | ||
| 008 | 110912s1994 hu om 0|| zxx d | ||
| 040 | |a SZTE Diploma Repozitórium |b hun | ||
| 041 | |a zxx | ||
| 100 | 1 | |a Juhász Edit | |
| 245 | 1 | 2 | |a A menekültek jogi helyzete Magyarországon - magyar menekültügy |h [elektronikus dokumentum] / |c Edit Juhász |
| 260 | |c 1994 | ||
| 650 | 4 | |a Jogi és igazgatási tanulmányok | |
| 700 | 1 | |a Trócsányi László |e ths | |
| 856 | 4 | 0 | |u http://diploma.bibl.u-szeged.hu/id/eprint/23120/1/1994_juhasz_edit.pdf |z Dokumentum-elérés |